<?xml version="1.0" encoding="UTF-8"?><?xml-stylesheet type="text/xsl" href="static/style.xsl"?><OAI-PMH xmlns="http://www.openarchives.org/OAI/2.0/" xmlns:xsi="http://www.w3.org/2001/XMLSchema-instance" xsi:schemaLocation="http://www.openarchives.org/OAI/2.0/ http://www.openarchives.org/OAI/2.0/OAI-PMH.xsd"><responseDate>2026-04-13T01:16:03Z</responseDate><request verb="GetRecord" identifier="oai:www.recercat.cat:10230/60008" metadataPrefix="marc">https://recercat.cat/oai/request</request><GetRecord><record><header><identifier>oai:recercat.cat:10230/60008</identifier><datestamp>2025-12-22T13:40:52Z</datestamp><setSpec>com_2072_6</setSpec><setSpec>col_2072_452952</setSpec></header><metadata><record xmlns="http://www.loc.gov/MARC21/slim" xmlns:dcterms="http://purl.org/dc/terms/" xmlns:xsi="http://www.w3.org/2001/XMLSchema-instance" xmlns:doc="http://www.lyncode.com/xoai" xsi:schemaLocation="http://www.loc.gov/MARC21/slim http://www.loc.gov/standards/marcxml/schema/MARC21slim.xsd">
   <leader>00925njm 22002777a 4500</leader>
   <datafield ind2=" " ind1=" " tag="042">
      <subfield code="a">dc</subfield>
   </datafield>
   <datafield ind2=" " ind1=" " tag="720">
      <subfield code="a">Castellví-Majó, Judit</subfield>
      <subfield code="e">author</subfield>
   </datafield>
   <datafield ind2=" " ind1=" " tag="720">
      <subfield code="a">Rovira-Martínez, Marta</subfield>
      <subfield code="e">author</subfield>
   </datafield>
   <datafield ind2=" " ind1=" " tag="260">
      <subfield code="c">2024-05-06T05:37:39Z</subfield>
   </datafield>
   <datafield ind2=" " ind1=" " tag="260">
      <subfield code="c">2024-05-06T05:37:39Z</subfield>
   </datafield>
   <datafield ind2=" " ind1=" " tag="260">
      <subfield code="c">2023</subfield>
   </datafield>
   <datafield ind2=" " ind1=" " tag="520">
      <subfield code="a">Aunque el rol de las mujeres en las festividades tradicionales en Cataluña ha sido subordinado al de los hombres, desde hace unos años las mujeres intentan ganar protagonismo. En este artículo se expone un estudio de caso realizado a propósito de un grupo de diablesas de la ciudad de Mataró (Barcelona). A partir de las entrevistas realizadas y un proceso de observación participante, se estudian las implicaciones que conlleva el hecho de romper con la hegemonía masculina con un grupo formado exclusivamente por mujeres, especialmente cuando se trata de una actividad festiva tradicionalmente ejercida por hombres. El texto analiza las dinámicas internas del grupo, su exposición pública y las relaciones entre poder y vulnerabilidad que conlleva su actividad. Finalmente, se discuten las paradojas que se producen entre un feminismo invisible o implícito y las relaciones de dominación masculina en el campo de la cultura tradicional y en el espacio público.</subfield>
   </datafield>
   <datafield ind2=" " ind1=" " tag="520">
      <subfield code="a">Este artículo muestra una parte de los resultados del proyecto CHIEF No. 770464, perteneciente a la convocatoria Horizon 2020 de la Comisión Europea.</subfield>
   </datafield>
   <datafield tag="653" ind2=" " ind1=" ">
      <subfield code="a">Dominación masculina</subfield>
   </datafield>
   <datafield tag="653" ind2=" " ind1=" ">
      <subfield code="a">Cultura popular</subfield>
   </datafield>
   <datafield tag="653" ind2=" " ind1=" ">
      <subfield code="a">Feminismo</subfield>
   </datafield>
   <datafield tag="653" ind2=" " ind1=" ">
      <subfield code="a">Folclore</subfield>
   </datafield>
   <datafield tag="653" ind2=" " ind1=" ">
      <subfield code="a">Espacio público</subfield>
   </datafield>
   <datafield ind2="0" ind1="0" tag="245">
      <subfield code="a">Mujeres y poder simbólico en el espacio público. Las diablesas de Mataró, rompiendo la dominación masculina</subfield>
   </datafield>
   <datafield ind2="0" ind1="0" tag="245">
      <subfield code="a">Women and symbolic power in public space. Women devils of Mataró, breaking male domination</subfield>
   </datafield>
</record></metadata></record></GetRecord></OAI-PMH>